[Event "ONJK 2018 A"]
[Site "Borne, Netherlands"]
[Date "2018.08.06"]
[Round "1.2"]
[White "Dubbeldam, Lydia"]
[Black "Dauw, Sterre"]
[Result "1/2-1/2"]
[WhiteElo "1833"]
[BlackElo "2192"]
[PlyCount "66"]
[EventDate "2018.??.??"]

1. e4 c6 2. d4 d5 3. e5 Bf5 4. Nc3 e6 5. g4 Bg6 6. h4 h6 7. Be3 Nd7 8. Bg2 Qb6
9. Rb1 h5 10. g5 Bf5 11. Bf3 g6 12. Nge2 Ne7 13. Kf1 Qa6 14. Kg2 b5 15. a3 Qb7
16. Ng3 Nb6 17. b3 a5 18. Nce2 a4 19. b4 Nc4 20. Ra1 c5 21. c3 cxb4 22. cxb4
Rc8 23. Nxf5 Nxf5 24. Qd3 Be7 25. Kh3 Rc6 26. Rhc1 Kd7 27. Nc3 Ncxe3 28. fxe3
Rc4 29. Ra2 Rhc8 30. Rac2 Bd8 31. Qd2 Bb6 32. Be2 Ke7 33. Bxc4 dxc4 1/2-1/2

[Event "ONJK 2018 A"]
[Site "Borne, Netherlands"]
[Date "2018.08.06"]
[Round "1.3"]
[White "Van Malder, Dries"]
[Black "Warmerdam, Ivo"]
[Result "1-0"]
[WhiteElo "2126"]
[BlackElo "1817"]
[PlyCount "57"]
[EventDate "2018.??.??"]

1. d4 Nf6 2. c4 g6 3. Nc3 Bg7 4. Nf3 O-O 5. g3 d6 6. Bg2 Nbd7 7. O-O e5 8. e4
c6 9. h3 Qc7 10. Re1 Rb8 11. Be3 exd4 12. Nxd4 Re8 13. Qc2 Nc5 14. Rad1 Ne6 15.
Rd2 Nxd4 16. Bxd4 Be6 17. b3 Rbd8 18. Red1 Rd7 19. f4 Rdd8 20. g4 Bc8 21. Qd3
Nd7 22. Bxg7 Nc5 23. Qd4 Ne6 24. Qxa7 Kxg7 25. Qe3 d5 26. cxd5 Nxf4 27. d6 Qa5
28. Qxf4 Qxc3 29. d7 1-0

[Event "ONJK 2018 A"]
[Site "Borne, Netherlands"]
[Date "2018.08.06"]
[Round "1.4"]
[White "Merkon, Oseb"]
[Black "Hilwerda, Jonas"]
[Result "0-1"]
[WhiteElo "1803"]
[BlackElo "2124"]
[PlyCount "96"]
[EventDate "2018.??.??"]

1. c4 e5 2. Nc3 Nc6 3. g3 f5 4. Bg2 Nf6 5. d3 Be7 6. a3 a5 7. Nf3 d6 8. Rb1 Be6
9. b4 Qd7 10. Ng5 Bg8 11. b5 Nd8 12. a4 h6 13. Nf3 g5 14. Qc2 Ne6 15. Bb2 Bh7
16. Nd5 O-O 17. Nd2 Rab8 18. Nb3 b6 19. Nd2 g4 20. Rc1 h5 21. h4 Rf7 22. Qc3
Rbf8 23. Qc2 Nc5 24. O-O Ne6 25. Ba1 Rd8 26. Nxf6+ Bxf6 27. Bd5 Kg7 28. Qa2
Rff8 29. Qc2 Qe7 30. Kg2 Nc5 31. Rce1 Kh8 32. Bb2 Bg7 33. Bc1 Bf6 34. Bb2 Qg7
35. Ba1 Rde8 36. Rd1 Ne6 37. e3 f4 38. e4 Nd4 39. Bxd4 exd4 40. Rde1 Be5 41.
Kh2 fxg3+ 42. fxg3 Qh6 43. Nb1 Rf6 44. Qc1 Qg7 45. Nd2 Ref8 46. Rxf6 Qxf6 47.
Rf1 Qxh4+ 48. Kg2 Qxg3+ 0-1

[Event "ONJK 2018 A"]
[Site "Borne, Netherlands"]
[Date "2018.08.06"]
[Round "1.5"]
[White "Van Roon, Sjoerd"]
[Black "De Vries, Tobias"]
[Result "0-1"]
[WhiteElo "2116"]
[BlackElo "1775"]
[PlyCount "110"]
[EventDate "2018.??.??"]

1. e4 c5 2. Nf3 e6 3. d4 cxd4 4. Nxd4 a6 5. Be2 Qc7 6. O-O Nf6 7. Bf3 Be7 8.
Nc3 O-O 9. Be3 Nc6 10. g3 Ne5 11. Bg2 Nc4 12. Bc1 d6 13. b3 Na5 14. Bb2 Bd7 15.
Qd2 Rac8 16. a4 Nc6 17. Nde2 Nb4 18. Rad1 Bc6 19. Nf4 d5 20. exd5 Nbxd5 21.
Nfxd5 Nxd5 22. Nxd5 Bxd5 23. Bxd5 exd5 24. Rfe1 Rfd8 25. Re2 a5 26. Bd4 Bc5 27.
Qg5 Bxd4 28. Rxd4 Re8 29. Rxe8+ Rxe8 30. Qd2 Rd8 31. Rxd5 Rxd5 32. Qxd5 g6 33.
Qe4 h5 34. Kg2 b6 35. Qd3 Qc6+ 36. f3 Kg7 37. h3 Qe6 38. h4 Kh7 39. Kf2 Kg7 40.
Qe3 Qc6 41. c3 Kg8 42. Qd4 Qe6 43. Qc4 Qd6 44. f4 Qe7 45. b4 Qd7 46. bxa5 bxa5
47. Ke3 Qg4 48. Ke4 Qxg3 49. Qc8+ Kg7 50. Qc5 Qxh4 51. Qxa5 Qe1+ 52. Kd5 h4 53.
f5 gxf5 54. Qc5 Qe6+ 55. Kd4 Qe4# 0-1

[Event "ONJK 2018 A"]
[Site "Borne, Netherlands"]
[Date "2018.08.06"]
[Round "1.6"]
[White "Waardenburg, Feline"]
[Black "Maerevoet, Sim"]
[Result "0-1"]
[WhiteElo "1752"]
[BlackElo "2114"]
[PlyCount "36"]
[EventDate "2018.??.??"]

1. d4 d5 2. c4 c6 3. Nf3 Nf6 4. Nc3 e6 5. e3 a6 6. a4 c5 7. b3 cxd4 8. Nxd4 Bb4
9. Bb2 Ne4 10. Rc1 Nc6 11. cxd5 exd5 12. Be2 Qa5 13. Qc2 Nxd4 14. exd4 Bf5 15.
Bd3 Nxc3 16. Bxc3 Rc8 17. Bxf5 Rxc3 18. Bd7+ Kd8 0-1

[Event "ONJK 2018 A"]
[Site "Borne, Netherlands"]
[Date "2018.08.06"]
[Round "1.7"]
[White "Jongste, David"]
[Black "Schelleman, Iris"]
[Result "1-0"]
[WhiteElo "2109"]
[BlackElo "1714"]
[PlyCount "71"]
[EventDate "2018.??.??"]

1. e4 e5 2. Nf3 Nc6 3. Bb5 a6 4. Ba4 d6 5. c3 f5 6. d3 Be7 7. Qe2 Nf6 8. Bb3
Bd7 9. Ng5 Qc8 10. Bf7+ Kf8 11. Bb3 h6 12. Nf3 g5 13. exf5 Bxf5 14. h4 g4 15.
Nfd2 Na5 16. Bc2 Kg7 17. Ne4 Nxe4 18. dxe4 Be6 19. Nd2 Qd8 20. h5 Bg5 21. b3
Rf8 22. Bb2 Rf7 23. Nf1 Qe7 24. Ng3 Kh8 25. Nf5 Bxf5 26. exf5 Rg7 27. Qe4 g3
28. fxg3 Bf6 29. g4 Rd8 30. O-O-O Rdg8 31. Kb1 Rxg4 32. Qd5 Nc6 33. Be4 Rf4 34.
Bc1 Rf2 35. Be3 Re2 36. Qd3 1-0

[Event "ONJK 2018 A"]
[Site "Borne, Netherlands"]
[Date "2018.08.06"]
[Round "1.8"]
[White "Bosma, Jan"]
[Black "Baselmans, Luuk"]
[Result "1-0"]
[WhiteElo "1699"]
[BlackElo "2100"]
[PlyCount "109"]
[EventDate "2018.??.??"]

1. d4 e6 2. c4 Bb4+ 3. Bd2 a5 4. g3 Nf6 5. Bg2 O-O 6. e4 d6 7. Ne2 e5 8. O-O
Bxd2 9. Qxd2 Nbd7 10. Nbc3 b6 11. Rfe1 Bb7 12. Rad1 Qe7 13. f4 Rfe8 14. b3 Rab8
15. Nd5 Qd8 16. Qc2 Nxd5 17. cxd5 Ba6 18. Rc1 Bxe2 19. Rxe2 Rb7 20. Qc6 Ra7 21.
Bh3 Nb8 22. Qc3 Qf6 23. dxe5 dxe5 24. fxe5 Rxe5 25. Rf2 Qd6 26. Rcf1 c6 27. Be6
Rxe6 28. dxe6 Qxe6 29. Qc4 Qe8 30. Rd1 b5 31. Qc2 h6 32. Rfd2 Qe5 33. Rd8+ Kh7
34. Qf2 Rb7 35. Qf5+ Qxf5 36. exf5 g6 37. f6 g5 38. Re8 Kg6 39. Rdd8 Na6 40.
Rd6 Nb8 41. g4 Rd7 42. Rg8+ Kh7 43. Rg7+ Kh8 44. Rxd7 Nxd7 45. Rxf7 Ne5 46.
Rf8+ Kh7 47. Re8 Nf7 48. Rc8 Ne5 49. f7 Nxf7 50. Rxc6 a4 51. bxa4 bxa4 52. Ra6
Ne5 53. Rxa4 Kg7 54. h3 Kf7 55. Ra6 1-0

[Event "ONJK 2018 A"]
[Site "Borne, Netherlands"]
[Date "2018.08.06"]
[Round "1.9"]
[White "Pauwels, Xander"]
[Black "De Jong, Eliza"]
[Result "1-0"]
[WhiteElo "2095"]
[BlackElo "1621"]
[PlyCount "57"]
[EventDate "2018.??.??"]

1. d4 d5 2. Nf3 Nf6 3. g3 Bf5 4. Bg2 h6 5. O-O Nbd7 6. c4 e6 7. Nc3 c6 8. b3
Bd6 9. Bb2 O-O 10. Nd2 Bb4 11. a3 Bxc3 12. Bxc3 c5 13. Bb2 Rc8 14. Rc1 Qe7 15.
dxc5 Qxc5 16. b4 Qe7 17. Qb3 dxc4 18. Rxc4 b5 19. Rcc1 Nb6 20. Bd4 Qd8 21. Nf3
Be4 22. Bc5 Bd5 23. Qb1 Re8 24. Rfd1 Qc7 25. Nd4 Bxg2 26. Kxg2 Nc4 27. a4 a6
28. Kg1 Qb7 29. Qb3 1-0

[Event "ONJK 2018 A"]
[Site "Borne, Netherlands"]
[Date "2018.08.06"]
[Round "1.10"]
[White "Hofstra, Tijmen"]
[Black "Ortmeier, Leonhard"]
[Result "0-1"]
[WhiteElo "1611"]
[BlackElo "2080"]
[PlyCount "22"]
[EventDate "2018.??.??"]

1. e4 c5 2. Nf3 d6 3. b3 Nc6 4. Bb2 Nf6 5. e5 dxe5 6. Nxe5 Nxe5 7. Bxe5 Bd7 8.
d4 e6 9. Bd3 Bc6 10. dxc5 Bxc5 11. O-O Qd5 0-1

[Event "ONJK 2018 A"]
[Site "Borne, Netherlands"]
[Date "2018.08.06"]
[Round "1.11"]
[White "Duson, Robin"]
[Black "Koning, Femke"]
[Result "1/2-1/2"]
[WhiteElo "2022"]
[BlackElo "1525"]
[PlyCount "114"]
[EventDate "2018.??.??"]

1. e4 e5 2. Nf3 Nc6 3. Bc4 Bc5 4. c3 d6 5. d3 Nf6 6. O-O O-O 7. Nbd2 Bg4 8. h3
Bh5 9. b4 Bb6 10. Bb3 a5 11. b5 Ne7 12. Nc4 c6 13. Nxb6 Qxb6 14. Be3 Qc7 15. a4
c5 16. g4 Bg6 17. Nh4 Nd7 18. Nf5 Bxf5 19. gxf5 Nf6 20. Kh1 d5 21. f3 c4 22.
dxc4 dxc4 23. Bc2 Nh5 24. Qe1 Nf4 25. Qh4 f6 26. Rg1 Nc8 27. Rg4 Nd6 28. Rag1
Rf7 29. Bxf4 exf4 30. Qh6 b6 31. Rh4 Rc8 32. Qxh7+ Kf8 33. Rhg4 Ne8 34. h4 Ke7
35. h5 Kd6 36. Rd1+ Ke7 37. Rd5 Rd8 38. h6 gxh6 39. Qxh6 Rxd5 40. exd5 Qe5 41.
Rg2 Qxc3 42. Re2+ Kd7 43. Be4 Qa1+ 44. Kh2 Qxa4 45. Qxf4 Qxb5 46. Qe3 Rh7+ 47.
Kg2 Nd6 48. Qd4 Ne8 49. Rb2 Qc5 50. Qxc5 bxc5 51. Rb5 Kd6 52. Rxa5 Nc7 53. f4
Rd7 54. Ra7 Rd8 55. Ra1 Rb8 56. Kf3 Rb2 57. Rc1 Rb3+ 1/2-1/2

[Event "ONJK 2018 A"]
[Site "Borne, Netherlands"]
[Date "2018.08.06"]
[Round "1.12"]
[White "Van der Hoeven, Carsten"]
[Black "Godde, Matthias"]
[Result "1-0"]
[WhiteElo "1509"]
[BlackElo "2020"]
[PlyCount "79"]
[EventDate "2018.??.??"]

1. e4 c5 2. c4 Nc6 3. Nc3 d6 4. g3 Nf6 5. Bg2 g6 6. d3 Bg7 7. Bg5 O-O 8. Qd2 a6
9. Bh6 Rb8 10. Bxg7 Kxg7 11. h4 h5 12. f4 Bd7 13. Nge2 b5 14. f5 Ne5 15. b3
gxf5 16. Nd5 Nxd5 17. cxd5 f6 18. Nf4 Rh8 19. O-O fxe4 20. Bxe4 Qe8 21. Bf3 Qf7
22. Qe2 Bg4 23. Bxg4 hxg4 24. Ne6+ Kg8 25. Rf5 Qg6 26. Qe4 Rh5 27. Rxe5 f5 28.
Qf4 dxe5 29. Qxe5 Re8 30. Nf4 Qf7 31. Nxh5 Qxh5 32. Rf1 Rf8 33. Qxe7 f4 34.
Rxf4 Rxf4 35. gxf4 Qxd5 36. Qg5+ Qxg5 37. hxg5 a5 38. Kf2 Kf7 39. Kg3 a4 40.
Kxg4 1-0

[Event "ONJK 2018 A"]
[Site "Borne, Netherlands"]
[Date "2018.08.07"]
[Round "2.2"]
[White "Carpentier, Jannes"]
[Black "Van Malder, Dries"]
[Result "1/2-1/2"]
[WhiteElo "1937"]
[BlackElo "2126"]
[PlyCount "40"]
[EventDate "2018.??.??"]

1. b3 d5 2. Bb2 Nf6 3. e3 Bf5 4. f4 e6 5. Nf3 Be7 6. Be2 h6 7. O-O O-O 8. Ne5
Bh7 9. d3 Nbd7 10. Nd2 Nxe5 11. fxe5 Nd7 12. Bg4 a5 13. a4 c6 14. Qf3 Bb4 15.
Rf2 Qg5 16. Qf4 Qxf4 17. exf4 Bc5 18. d4 Be7 19. Nf1 Rac8 20. Ne3 c5 1/2-1/2

[Event "ONJK 2018 A"]
[Site "Borne, Netherlands"]
[Date "2018.08.07"]
[Round "2.3"]
[White "Hilwerda, Jonas"]
[Black "Muntean, Victor"]
[Result "1-0"]
[WhiteElo "2124"]
[BlackElo "1929"]
[PlyCount "89"]
[EventDate "2018.??.??"]

1. e4 e5 2. Nf3 Nc6 3. d4 exd4 4. Nxd4 Bc5 5. Be3 Qf6 6. c3 Nge7 7. Bb5 a6 8.
Ba4 Ne5 9. Qe2 N7g6 10. Nd2 O-O 11. g3 b5 12. Bb3 d6 13. f4 Ng4 14. Bg1 Bd7 15.
h3 Nh6 16. Qf3 Ba7 17. Bd5 Rac8 18. O-O-O c6 19. Bb3 c5 20. Nc2 Bc6 21. Bd5 Kh8
22. Ne3 b4 23. c4 a5 24. Bxc6 Rxc6 25. Ng4 Nxg4 26. hxg4 b3 27. g5 bxa2 28. Kc2
Qe7 29. Qh5 h6 30. gxh6 Rb8 31. hxg7+ Kxg7 32. Qh6+ Kg8 33. Ra1 Qf6 34. Rxa2 a4
35. f5 Rcb6 36. fxg6 Rxb2+ 37. Rxb2 Rxb2+ 38. Kd3 a3 39. gxf7+ Kxf7 40. Qxf6+
Kxf6 41. Be3 Bb6 42. Ra1 Ba5 43. Rxa3 Bd8 44. Ra6 Bc7 45. Bxc5 1-0

[Event "ONJK 2018 A"]
[Site "Borne, Netherlands"]
[Date "2018.08.07"]
[Round "2.4"]
[White "Maerevoet, Sim"]
[Black "Ghebreab, Elnathan"]
[Result "1-0"]
[WhiteElo "2114"]
[BlackElo "1897"]
[PlyCount "115"]
[EventDate "2018.??.??"]

1. c4 e5 2. g3 Nc6 3. Bg2 Bc5 4. Nc3 d6 5. Nf3 f5 6. d3 Nf6 7. O-O O-O 8. e3
Qe8 9. d4 Bb6 10. dxe5 dxe5 11. b3 Qh5 12. Nh4 Qh6 13. Qc2 e4 14. f4 a6 15. Qe2
Rd8 16. Bh3 g6 17. Na4 Ba7 18. Bb2 Qf8 19. Rad1 Be6 20. Ng2 Kf7 21. Qc2 Qe7 22.
a3 Rac8 23. b4 Rxd1 24. Rxd1 Rd8 25. c5 Rxd1+ 26. Qxd1 Qd7 27. Qxd7+ Bxd7 28.
Bxf6 Kxf6 29. Nc3 Ne7 30. Nxe4+ Ke6 31. Nc3 Nd5 32. Nxd5 Kxd5 33. Ne1 Kc4 34.
Bg2 b6 35. c6 Be6 36. Bf1+ Kb3 37. Bxa6 Kxa3 38. Nc2+ Kb2 39. Nd4 Bd5 40. b5
Kc3 41. Kf2 Bc4 42. h3 h5 43. Kf3 Bd5+ 44. Kf2 Bc4 45. h4 Kb4 46. e4 fxe4 47.
Ke3 Bd5 48. f5 gxf5 49. Nxf5 Kc5 50. Nd4 Kd6 51. Bc8 Ke5 52. g4 hxg4 53. Bxg4
Bf7 54. Bf5 Bc4 55. Bxe4 Bf7 56. Bf3 Kd6 57. Be2 Kc5 58. h5 1-0

[Event "ONJK 2018 A"]
[Site "Borne, Netherlands"]
[Date "2018.08.07"]
[Round "2.5"]
[White "Decruyenaere, Robbert"]
[Black "Jongste, David"]
[Result "0-1"]
[WhiteElo "1927"]
[BlackElo "2109"]
[PlyCount "82"]
[EventDate "2018.??.??"]

1. e4 c5 2. Nf3 e6 3. d4 cxd4 4. Nxd4 a6 5. Bd3 Qc7 6. O-O Nc6 7. Be3 Nf6 8.
Nc3 b5 9. a3 Bb7 10. Kh1 b4 11. axb4 Bxb4 12. Qe2 Bxc3 13. bxc3 Ne5 14. f4 Nxd3
15. cxd3 h5 16. c4 Ng4 17. Bg1 Rd8 18. Nb3 d6 19. Rfb1 Rb8 20. Na5 Ba8 21. Qa2
O-O 22. Nb3 d5 23. cxd5 exd5 24. e5 Qc3 25. Nc5 Rxb1 26. Rxb1 d4 27. Qc4 Qd2
28. Ne4 Qxf4 29. Qxd4 Qxe5 30. h3 Qxd4 31. Bxd4 Rd8 32. hxg4 Bxe4 33. Bb6 Rxd3
34. gxh5 Rd2 35. Ra1 Rxg2 36. Ra4 Bc6 37. Rc4 Rc2+ 38. Rxc6 Rxc6 39. Bd4 Rc4
40. Bb6 Rh4+ 41. Kg2 Rxh5 0-1

[Event "ONJK 2018 A"]
[Site "Borne, Netherlands"]
[Date "2018.08.07"]
[Round "2.6"]
[White "Lahouel, Kim-Luca"]
[Black "Pauwels, Xander"]
[Result "1/2-1/2"]
[WhiteElo "1894"]
[BlackElo "2095"]
[PlyCount "60"]
[EventDate "2018.??.??"]

1. e4 c5 2. c3 Nf6 3. e5 Nd5 4. d4 cxd4 5. Nf3 e6 6. cxd4 d6 7. Bc4 Be7 8. O-O
O-O 9. Bd2 b6 10. Qe2 Bb7 11. Nc3 Nxc3 12. Bxc3 a5 13. Rfd1 d5 14. Bb3 Ba6 15.
Qc2 Nc6 16. a3 b5 17. Bd2 Qb6 18. Bg5 Rac8 19. Qd2 b4 20. Bc2 f6 21. exf6 Bxf6
22. Bxf6 Rxf6 23. Rac1 Rc7 24. Bb1 Rxf3 25. gxf3 Nxd4 26. Kg2 Nb3 27. Qg5 Rxc1
28. Rxc1 Nxc1 29. Bxh7+ Kxh7 30. Qh5+ Kg8 1/2-1/2

[Event "ONJK 2018 A"]
[Site "Borne, Netherlands"]
[Date "2018.08.07"]
[Round "2.7"]
[White "Ortmeier, Leonhard"]
[Black "Van Doren, Bas"]
[Result "1-0"]
[WhiteElo "2080"]
[BlackElo "1875"]
[PlyCount "61"]
[EventDate "2018.??.??"]

1. e4 c5 2. Nf3 e6 3. b3 Nc6 4. Bb2 Nf6 5. e5 Nd5 6. g3 Be7 7. c4 Nc7 8. Nc3
O-O 9. Ne4 Ne8 10. Bg2 f6 11. O-O b6 12. d4 cxd4 13. Nxd4 Nxd4 14. Qxd4 fxe5
15. Qxe5 Bb7 16. Rad1 Nf6 17. Rd3 Rf7 18. Nd6 Bxg2 19. Kxg2 Bxd6 20. Qxd6 Rc8
21. f3 b5 22. Bxf6 Qxf6 23. cxb5 Qh6 24. Rf2 Rc1 25. Qb8+ Rf8 26. Qxa7 Qf6 27.
Qd4 e5 28. Qe3 Rfc8 29. a4 e4 30. fxe4 Qa1 31. Qf4 1-0

[Event "ONJK 2018 A"]
[Site "Borne, Netherlands"]
[Date "2018.08.07"]
[Round "2.8"]
[White "De Vries, Tobias"]
[Black "Verheyen, Olivier"]
[Result "1-0"]
[WhiteElo "1775"]
[BlackElo "2010"]
[PlyCount "115"]
[EventDate "2018.??.??"]

1. c4 Nf6 2. g3 g6 3. Bg2 Bg7 4. Nf3 O-O 5. O-O d6 6. d4 Nc6 7. Nc3 e5 8. e3
Re8 9. Re1 e4 10. Nd2 Bf5 11. a3 h5 12. b4 Qe7 13. Bb2 Nb8 14. Rc1 Nbd7 15. Nd5
Nxd5 16. cxd5 Nf6 17. Qb3 Rac8 18. b5 g5 19. a4 Bd7 20. Ba3 Bf8 21. Nc4 Nxd5
22. Nxd6 cxd6 23. Qxd5 b6 24. Rxc8 Bxc8 25. Rc1 Bb7 26. Qf5 Kg7 27. d5 Kg8 28.
Bb2 Bg7 29. Bxg7 Kxg7 30. Rc4 Qe5 31. Qxe5+ Rxe5 32. Bxe4 Bxd5 33. Bxd5 Rxd5
34. Rc7 a6 35. bxa6 Ra5 36. Rc6 Rxa6 37. Rxd6 Rxa4 38. Rxb6 g4 39. Kg2 f6 40.
Rd6 Kg6 41. Rd4 Ra2 42. Rf4 f5 43. h3 Kg5 44. h4+ Kg6 45. Rd4 Rb2 46. Rd6+ Kg7
47. Rd7+ Kg6 48. Rd6+ Kg7 49. Rd1 Kf6 50. Kf1 Ke5 51. Ke1 Ke4 52. Rd2 Rxd2 53.
Kxd2 Kf3 54. Ke1 Kg2 55. Ke2 Kh2 56. Kf1 Kh1 57. f3 Kh2 58. Kf2 1-0

[Event "ONJK 2018 A"]
[Site "Borne, Netherlands"]
[Date "2018.08.07"]
[Round "2.9"]
[White "De Bock, Thijs"]
[Black "Bosma, Jan"]
[Result "1-0"]
[WhiteElo "1959"]
[BlackElo "1699"]
[PlyCount "67"]
[EventDate "2018.??.??"]

1. e4 c6 2. d4 d5 3. Nc3 dxe4 4. Nxe4 Bf5 5. Ng3 Bg6 6. N1e2 Nf6 7. Nf4 e5 8.
dxe5 Qa5+ 9. Bd2 Qxe5+ 10. Be2 Nbd7 11. O-O Bc5 12. Nd3 Qc7 13. Nxc5 Nxc5 14.
Bb4 Ne6 15. Bc4 Rd8 16. Qe2 Nd5 17. Bxd5 Rxd5 18. Rad1 Rxd1 19. Rxd1 c5 20. Bc3
O-O 21. Be5 Qc6 22. f4 f6 23. Rd6 Nd4 24. Qd2 Qa4 25. Bxd4 cxd4 26. f5 Bf7 27.
a3 Re8 28. Rxd4 Qb5 29. c3 Qc5 30. Qf2 Bc4 31. Ne4 Qc6 32. Nd6 b5 33. Nxe8 Qxe8
34. Qd2 1-0

[Event "ONJK 2018 A"]
[Site "Borne, Netherlands"]
[Date "2018.08.07"]
[Round "2.10"]
[White "Dauw, Sterre"]
[Black "Van der Hoeven, Carsten"]
[Result "1/2-1/2"]
[WhiteElo "2192"]
[BlackElo "1509"]
[PlyCount "60"]
[EventDate "2018.??.??"]

1. e4 c5 2. Nf3 d6 3. d4 cxd4 4. Nxd4 e5 5. Bb5+ Nd7 6. Nf5 a6 7. Bxd7+ Qxd7 8.
Nc3 Nf6 9. Ne3 Be7 10. Ned5 Nxd5 11. Nxd5 Qc6 12. O-O Be6 13. Qd3 Rc8 14. c3
Bxd5 15. exd5 Qc4 16. Qxc4 Rxc4 17. Rd1 f5 18. Bd2 Kf7 19. b3 Rc7 20. c4 g5 21.
f3 h5 22. g3 Kg6 23. Rac1 f4 24. Ba5 Rd7 25. Bb6 fxg3 26. hxg3 g4 27. Kg2 gxf3+
28. Kxf3 Bg5 29. Rc2 h4 30. gxh4 Rxh4 1/2-1/2

[Event "ONJK 2018 A"]
[Site "Borne, Netherlands"]
[Date "2018.08.07"]
[Round "2.11"]
[White "Koning, Femke"]
[Black "Dubbeldam, Lydia"]
[Result "0-1"]
[WhiteElo "1525"]
[BlackElo "1833"]
[PlyCount "88"]
[EventDate "2018.??.??"]

1. e4 e6 2. d4 d5 3. exd5 exd5 4. Nf3 Bd6 5. Be3 Nf6 6. h3 Bf5 7. Bd3 Bxd3 8.
Qxd3 c6 9. c3 Nbd7 10. Nbd2 Qc7 11. O-O O-O 12. Rfe1 Rae8 13. Bg5 h6 14. Bxf6
Nxf6 15. Nf1 Ne4 16. Ne3 f5 17. Nh4 Nxf2 18. Kxf2 Bg3+ 19. Kg1 Bxh4 20. Rf1 g6
21. Nc2 Re4 22. Ne1 Rfe8 23. Nf3 Bg3 24. Rad1 Re2 25. Rd2 Qe7 26. Kh1 Qe3 27.
Ne5 Qxd3 28. Rxd3 Bxe5 29. dxe5 R8xe5 30. Rg3 Kf7 31. Rb1 Re1+ 32. Rxe1 Rxe1+
33. Kh2 Re2 34. b4 Rxa2 35. Re3 Rc2 36. Kg3 b6 37. Kf3 a5 38. bxa5 bxa5 39. g3
a4 40. h4 a3 41. c4 a2 42. Ra3 dxc4 43. Ke3 Rg2 44. Kd4 c3 0-1

[Event "ONJK 2018 A"]
[Site "Borne, Netherlands"]
[Date "2018.08.07"]
[Round "2.12"]
[White "Baselmans, Luuk"]
[Black "Duson, Robin"]
[Result "0-1"]
[WhiteElo "2100"]
[BlackElo "2022"]
[PlyCount "110"]
[EventDate "2018.??.??"]

1. e4 c5 2. Nf3 e6 3. Nc3 Nc6 4. g3 d6 5. Bg2 Nge7 6. O-O b6 7. d3 g6 8. Bf4 e5
9. Bg5 Bg7 10. Nd5 O-O 11. Nf6+ Kh8 12. Nd5 f6 13. Nxe7 Nxe7 14. Be3 Be6 15. h4
Qd7 16. Kh2 d5 17. exd5 Nxd5 18. Qd2 Nxe3 19. Qxe3 Rad8 20. a4 Rf7 21. a5 Bd5
22. Rfe1 Bf8 23. axb6 axb6 24. b3 b5 25. Ra6 c4 26. dxc4 bxc4 27. Rd1 Qb7 28.
Rb6 Qc7 29. Rb5 Bc6 30. Rxd8 Bxb5 31. Ra8 Bc6 32. Ra6 Bb7 33. Ra7 Bc5 34. Rxb7
Bxe3 35. Rxc7 Rxc7 36. fxe3 cxb3 37. cxb3 Rc3 38. Nd2 Rxe3 39. Bf1 Re1 40. Kg2
Rd1 41. Ne4 f5 42. Nc5 e4 43. Bc4 Rd2+ 44. Kf1 Kg7 45. Ne6+ Kf6 46. Nf4 h6 47.
b4 g5 48. hxg5+ hxg5 49. Ne2 Ke5 50. b5 Rb2 51. Ke1 f4 52. gxf4+ gxf4 53. Ng1
f3 54. Kf1 Kd4 55. Be6 Ke3 0-1

[Event "ONJK 2018 A"]
[Site "Borne, Netherlands"]
[Date "2018.08.07"]
[Round "3.2"]
[White "Jongste, David"]
[Black "Hilwerda, Jonas"]
[Result "1/2-1/2"]
[WhiteElo "2109"]
[BlackElo "2124"]
[PlyCount "42"]
[EventDate "2018.??.??"]

1. e4 e5 2. Nf3 Nc6 3. Bb5 a6 4. Ba4 Nf6 5. O-O Be7 6. Re1 b5 7. Bb3 d6 8. c3
O-O 9. h3 Na5 10. Bc2 c5 11. d4 Qc7 12. Nbd2 cxd4 13. cxd4 Nc6 14. Nb3 a5 15.
Be3 a4 16. Nbd2 Nb4 17. Bb1 Bd7 18. a3 Nc6 19. Bd3 Qb7 20. d5 Na5 21. Qe2 Rfc8
1/2-1/2

[Event "ONJK 2018 A"]
[Site "Borne, Netherlands"]
[Date "2018.08.07"]
[Round "3.3"]
[White "De Bock, Thijs"]
[Black "Maerevoet, Sim"]
[Result "1/2-1/2"]
[WhiteElo "1959"]
[BlackElo "2114"]
[PlyCount "79"]
[EventDate "2018.??.??"]

1. e4 c5 2. Nf3 d6 3. d4 cxd4 4. Nxd4 Nf6 5. Nc3 a6 6. Bg5 Nbd7 7. f4 Qc7 8.
Qf3 h6 9. Bxf6 Nxf6 10. f5 Qc5 11. O-O-O g5 12. fxg6 Bg4 13. gxf7+ Kxf7 14. Qd3
Bxd1 15. Nxd1 Bg7 16. Qb3+ d5 17. Nf5 Nxe4 18. Bd3 Nf6 19. Re1 Rhe8 20. Nh4 Qc7
21. Bg6+ Kg8 22. Nf5 e6 23. Bxe8 Rxe8 24. Nxg7 Qxg7 25. Qc3 Ne4 26. Qxg7+ Kxg7
27. Nc3 Nxc3 28. bxc3 Kf6 29. Kd2 Rg8 30. g3 Rg4 31. Rf1+ Ke7 32. Kd3 Ra4 33.
Rf3 Rxa2 34. Rf4 Ra1 35. Rh4 Rg1 36. Rxh6 Kd6 37. c4 dxc4+ 38. Kxc4 Rg2 39. Kb3
b5 40. Rh5 1/2-1/2

[Event "ONJK 2018 A"]
[Site "Borne, Netherlands"]
[Date "2018.08.07"]
[Round "3.4"]
[White "Van Malder, Dries"]
[Black "De Vries, Tobias"]
[Result "1/2-1/2"]
[WhiteElo "2126"]
[BlackElo "1775"]
[PlyCount "87"]
[EventDate "2018.??.??"]

1. d4 Nf6 2. c4 e5 3. dxe5 Ng4 4. Bf4 Bb4+ 5. Nd2 Nc6 6. Ngf3 Qe7 7. e3 Ngxe5
8. Nxe5 Nxe5 9. Be2 O-O 10. O-O Ng6 11. Bg3 Bd6 12. Bxd6 Qxd6 13. Qc2 Ne5 14.
Rfd1 Qe7 15. c5 d6 16. cxd6 Qxd6 17. Rac1 c6 18. Nc4 Qe7 19. Rd4 Nxc4 20. Bxc4
c5 21. Re4 Qc7 22. Bd3 b6 23. b4 Bf5 24. Rc4 Bxd3 25. Qxd3 Rfd8 26. Qc2 Rac8
27. g3 Rd5 28. e4 Re5 29. f4 Re6 30. Kg2 Rc6 31. h4 a5 32. bxa5 b5 33. Rc3 Qxa5
34. a3 c4 35. Rd1 Rd8 36. Kh3 Rxd1 37. Qxd1 g6 38. Qd4 Qc7 39. e5 Qc8+ 40. Kg2
Qa8 41. Qd5 Ra6 42. Qxa8+ Rxa8 43. Kf3 Kf8 44. Ke4 1/2-1/2

[Event "ONJK 2018 A"]
[Site "Borne, Netherlands"]
[Date "2018.08.07"]
[Round "3.5"]
[White "Pauwels, Xander"]
[Black "Dubbeldam, Lydia"]
[Result "1-0"]
[WhiteElo "2095"]
[BlackElo "1833"]
[PlyCount "71"]
[EventDate "2018.??.??"]

1. e4 e6 2. Qe2 d5 3. exd5 Qxd5 4. Nc3 Qd8 5. g3 Nc6 6. Nf3 Nf6 7. Bg2 Bc5 8.
O-O O-O 9. Na4 Be7 10. d3 Bd7 11. Nc3 Re8 12. d4 a6 13. Rd1 Bb4 14. Ne4 Be7 15.
Ned2 Nb8 16. Ne5 Qc8 17. Nb3 Bb5 18. c4 Ba4 19. Be3 c6 20. Rd2 Bxb3 21. axb3
Nbd7 22. Rad1 Rd8 23. f4 Qc7 24. Nd3 Nb6 25. Bf2 Nc8 26. Bh3 Nd6 27. Bg2 Nf5
28. Ne5 Bb4 29. Rd3 Rd6 30. g4 Ne7 31. Bh3 Ng6 32. Qe3 Rdd8 33. f5 Nf8 34. g5
N6d7 35. Nxf7 exf5 36. Nxd8 1-0

[Event "ONJK 2018 A"]
[Site "Borne, Netherlands"]
[Date "2018.08.07"]
[Round "3.6"]
[White "Duson, Robin"]
[Black "Lahouel, Kim-Luca"]
[Result "1-0"]
[WhiteElo "2022"]
[BlackElo "1894"]
[PlyCount "81"]
[EventDate "2018.??.??"]

1. d4 d5 2. c4 e5 3. dxe5 d4 4. Nf3 Nc6 5. a3 Nge7 6. Bf4 Bg4 7. Nbd2 Ng6 8.
Bg3 Qe7 9. Qc2 O-O-O 10. Qe4 Qd7 11. Nh4 Nxh4 12. Bxh4 Re8 13. Qd5 Qxd5 14.
cxd5 Nxe5 15. f3 Bd7 16. Kd1 h5 17. b4 Ba4+ 18. Kc1 Rh6 19. Bf2 Rd8 20. Bxd4
Rxd5 21. e3 Rc6+ 22. Kb1 a6 23. Be2 Rc2 24. Ra2 Rxa2 25. Kxa2 c5 26. Rc1 Nc6
27. Bc4 Rd7 28. bxc5 Nxd4 29. exd4 Rxd4 30. Ne4 f6 31. Bb3 Bc6 32. Ng3 g6 33.
Rc2 h4 34. Ne2 Rd1 35. Nf4 g5 36. Nh5 Re1 37. Bf7 f5 38. f4 g4 39. g3 Ba4 40.
Rd2 Bxc5 41. Bb3 1-0

[Event "ONJK 2018 A"]
[Site "Borne, Netherlands"]
[Date "2018.08.07"]
[Round "3.7"]
[White "Van der Hoeven, Carsten"]
[Black "Carpentier, Jannes"]
[Result "0-1"]
[WhiteElo "1509"]
[BlackElo "1937"]
[PlyCount "74"]
[EventDate "2018.??.??"]

1. e4 b6 2. d4 Bb7 3. Bd3 e6 4. c3 c5 5. Nf3 Nf6 6. Qe2 Be7 7. Bg5 h6 8. Bxf6
Bxf6 9. Nbd2 cxd4 10. cxd4 Nc6 11. e5 Be7 12. O-O Nb4 13. Be4 Bxe4 14. Nxe4 O-O
15. Nfd2 d6 16. f4 Nc2 17. Rad1 Nxd4 18. Qg4 dxe5 19. fxe5 Nf5 20. Nc4 Qc7 21.
Nf6+ Kh8 22. Nh5 Rg8 23. Rc1 b5 24. Nd6 Qb6+ 25. Kh1 Bxd6 26. exd6 Ne3 27. Qf4
Nxf1 28. Rxf1 Qc5 29. g4 Qd5+ 30. Rf3 Rac8 31. Nf6 Rc1+ 32. Kg2 Rc2+ 33. Kg1
Qd1+ 34. Rf1 Qe2 35. Rf2 Qxf2+ 36. Qxf2 Rxf2 37. Nxg8 Rd2 0-1